000 01291cam a2200325 a 4500
001 199244
003 OSt
005 20240426163252.0
008 990714s1999 nyua 001 0 eng
010 _a 99027788
020 _a0070248303
035 _a(DLC) 99027788
040 _aDLC
_cDLC
_dDLC
050 0 0 _aQC32
_b.G34 1999
082 0 0 _a539 GAU 1999
_221
100 1 _aGautreau, Ronald; Savin, William
_98000
245 1 0 _aSchaum's Outline of Theory and Problems of Modern Physics
250 _a2nd ed.
260 _aNew York :
_bMcGraw-Hill,
_c1999.
300 _aix, 338 p. :
_bill. ;
_c28 cm.
490 0 _aSchaum's outline series
500 _aIncludes index.
650 0 _aModern Physics
_98001
856 4 2 _3Publisher description
_uhttp://www.loc.gov/catdir/description/mh023/99027788.html
856 4 1 _3Table of contents
_uhttp://www.loc.gov/catdir/toc/mh023/99027788.html
856 4 2 _3Contributor biographical information
_uhttp://www.loc.gov/catdir/enhancements/fy0739/99027788-b.html
906 _a7
_bcbc
_corignew
_d1
_eocip
_f19
_gy-gencatlg
942 _2ddc
_cSLOAN
999 _c3582
_d3582